logo

Bir Sreshtho Munshi Abdur Rouf Library
Jhenaidah Cadet College

The art of learning : (Record no. 7426)

MARC details
000 -LEADER
fixed length control field 01391cam a2200373 a 4500
001 - CONTROL NUMBER
JCCL Control Number 7426
003 - CONTROL NUMBER IDENTIFIER
JCCL marc code BD-JhCC
005 - DATE AND TIME OF LATEST TRANSACTION
control field 20220825134021.0
008 - FIXED-LENGTH DATA ELEMENTS--GENERAL INFORMATION
fixed length control field 061122s2007 nyua 000 0aeng
020 ## - INTERNATIONAL STANDARD BOOK NUMBER
International Standard Book Number 0743277457
020 ## - INTERNATIONAL STANDARD BOOK NUMBER
International Standard Book Number 9780743277457
035 ## - SYSTEM CONTROL NUMBER
system control number (BD-JhCC)7426
035 ## - SYSTEM CONTROL NUMBER
system control number (OCoLC)77116634
040 ## - CATALOGING SOURCE
Original cataloging agency DLC
Transcribing agency DLC
Modifying agency YDX
-- BAKER
-- BTCTA
-- LF8
-- YDXCP
-- DLC
-- BD-JhCC
041 ## - LANGUAGE CODE
Language code of Book eng
050 00 - LIBRARY OF CONGRESS CALL NUMBER
Classification number GV1439.W35
Item number A3 2007
082 00 - DEWEY DECIMAL CLASSIFICATION NUMBER
Classification number 613.7/148
DDC Edition number 22
Author mark and Year WAI 2007
100 1# - MAIN ENTRY--PERSONAL NAME
Personal name Waitzkin, Josh.
245 14 - TITLE STATEMENT
Title The art of learning :
Remainder of title a journey in the pursuit of excellence /
Statement of responsibility, etc Josh Waitzkin.
260 ## - PUBLICATION, DISTRIBUTION, ETC. (IMPRINT)
Place of publication, distribution, etc New York :
Name of publisher, distributor, etc Free Press,
Date of publication, distribution, etc c2007.
300 ## - PHYSICAL DESCRIPTION
Pagination xix, 265 p. :
Other physical details ill. ;
Dimensions 24 cm.
505 0# - FORMATTED CONTENTS NOTE
Formatted contents note The foundation -- My second art -- Bringing it all together.
600 10 - SUBJECT ADDED ENTRY--PERSONAL NAME
Personal name Waitzkin, Josh.
650 #0 - SUBJECT ADDED ENTRY--TOPICAL TERM
Topical term or geographic name as entry element Chess players
Geographic subdivision United States
Form subdivision Biography.
650 #0 - SUBJECT ADDED ENTRY--TOPICAL TERM
Topical term or geographic name as entry element Tai chi.
650 #0 - SUBJECT ADDED ENTRY--TOPICAL TERM
Topical term or geographic name as entry element Learning.
650 #0 - SUBJECT ADDED ENTRY--TOPICAL TERM
Topical term or geographic name as entry element Meditation.
856 42 - ELECTRONIC LOCATION AND ACCESS
Materials specified Publisher description
Uniform Resource Identifier http://www.loc.gov/catdir/enhancements/fy0709/2006052539-d.html
856 41 - ELECTRONIC LOCATION AND ACCESS
Materials specified Table of contents only
Uniform Resource Identifier http://www.loc.gov/catdir/enhancements/fy0710/2006052539-t.html
856 41 - ELECTRONIC LOCATION AND ACCESS
Materials specified Sample text
Uniform Resource Identifier http://www.loc.gov/catdir/enhancements/fy0710/2006052539-s.html
856 42 - ELECTRONIC LOCATION AND ACCESS
Materials specified Contributor biographical information
Uniform Resource Identifier http://www.loc.gov/catdir/enhancements/fy0915/2006052539-b.html
942 ## - ADDED ENTRY ELEMENTS (KOHA)
Source of classification or shelving scheme Dewey Decimal Classification
Koha item type Books
Koha issues (borrowed), all copies 2
Holdings
Source of classification or shelving scheme Damaged status Not for loan Home library Current library Shelving location Date of accession Total Checkouts Full call number Barcode Date last seen Date checked out Copy number Koha item type
Dewey Decimal Classification     JCC Rouf Library JCC Rouf Library General Stacks 05/09/2023 5 613.7/148 WAI 2007 950 09/20/2023 09/18/2023 C - 1 Books

JCC Library | Contacts | JCC Home

Last Update on 23 September 2017
Copyright @ 2017-2020 JCC Rouf Library
Rouf Library, Jhenidah Cadet College (JCC), Bangladesh